Trh práce v éře e-recruitmentu

Ponuka práce v podobe inzerátov na internete a v tlači. Personálne agentúry v úlohe poradcov a pomocníkov. Rýchlosť internetových vyhľadávačov. Partnerská spolupráca špecializovaných vyhľadávacích systémov s ďalšími stránkami. E-recruitment a možné stropy. Odkiaľ zobrať ľudí.

Na minha lista:
Detalhes bibliográficos
Autor principal: Malý, Libor
Formato: Capítulo de Livro
Idioma:tcheco
Assuntos:
Tags: Adicionar Tag
Sem tags, seja o primeiro a adicionar uma tag!

MARC

LEADER 00000naa$a2200000$$$4500
001 0041132
005 20231019113526.2
041 0 |a cze 
044 |a CZ 
245 1 0 |a Trh práce v éře e-recruitmentu  |c Libor Malý 
520 |a Ponuka práce v podobe inzerátov na internete a v tlači. Personálne agentúry v úlohe poradcov a pomocníkov. Rýchlosť internetových vyhľadávačov. Partnerská spolupráca špecializovaných vyhľadávacích systémov s ďalšími stránkami. E-recruitment a možné stropy. Odkiaľ zobrať ľudí. 
610 2 0 |a personalistika 
610 2 0 |a nábor pracovníkov 
610 2 0 |a zdroje ľudské 
610 2 0 |a trh práce 
610 2 0 |a tlač 
610 2 0 |a inzercia 
610 2 0 |a agentúry 
610 2 0 |a technológie informačné 
610 2 0 |a internet 
100 1 |a Malý, Libor